Measurement, instrumentation, and sensors handbook : Spatial, mechanical, thermal, and radiation measurement
Zapisane w:
| Format: | Sách |
|---|---|
| Język: | Undetermined |
| Wydane: |
CRC Press, Taylor & Francis Group
2014
|
| Hasła przedmiotowe: | |
| Etykiety: |
Dodaj etykietę
Nie ma etykietki, Dołącz pierwszą etykiete!
|
| Thư viện lưu trữ: | Trung tâm Thư viện - Trường Đại học Công nghiệp TP. Hồ Chí Minh |
|---|
| LEADER | 00529nam a2200133Ia 4500 | ||
|---|---|---|---|
| 001 | UIH_02844 | ||
| 008 | 231011s9999 xx 000 0 und d | ||
| 082 | |a 530.8 | ||
| 245 | 0 | |a Measurement, instrumentation, and sensors handbook : Spatial, mechanical, thermal, and radiation measurement | |
| 260 | |b CRC Press, Taylor & Francis Group | ||
| 260 | |c 2014 | ||
| 650 | |a Đo lường vật lý; Đo lường; | ||
| 927 | |a Sách | ||
| 980 | |a Trung tâm Thư viện - Trường Đại học Công nghiệp TP. Hồ Chí Minh | ||